Online Catalogue and eLibrary

Ethnic and class conflicts in Sri Lanka : (Record no. 581)

MARC details
000 -LEADER
fixed length control field 00671cam a2200193 a 4500
001 - CONTROL NUMBER
control field 1474913
005 - DATE AND TIME OF LATEST TRANSACTION
control field 20240319002258.0
008 - FIXED-LENGTH DATA ELEMENTS--GENERAL INFORMATION
fixed length control field 870829s1985 ce ah b 000 0 eng
040 ## - CATALOGING SOURCE (பட்டியலாக்க மூலம்)
Original cataloging agency DLC
Transcribing agency DLC
Modifying agency DLC
082 00 - DDC Classification
Class No. 323.95
DDC Edition Number 20
Item Number - Author Mark ETH.
100 1# - MAIN ENTRY--PERSONAL NAME
Personal name Jayawardena, Kumari.
245 10 - TITLE STATEMENT
Title Ethnic and class conflicts in Sri Lanka :
Remainder of title some aspects of Sinhala Buddhist conscoiusness over the past 100 years /
Statement of responsibility, etc. Kumari Jayawardena.
260 ## - PUBLICATION, DISTRIBUTION, ETC.
Place of publication, distribution, etc. Sri Lanka :
Name of publisher, distributor, etc. Centre for Social Analysis,
Date of publication, distribution, etc. 1985.
300 ## - PHYSICAL DESCRIPTION
Extent (e.g. Volumes, Pages etc.) 108 p. :
500 ## - GENERAL NOTE
General note Revision of the author's articles published in the Lanka guardian, 1984-1985.
650 #0 - SUBJECT ADDED ENTRY--TOPICAL TERM
Topical term or geographic name entry element Buddhism and politics
650 #0 - SUBJECT ADDED ENTRY--TOPICAL TERM
Topical term or geographic name entry element Buddhism
942 ## - Koha item type (Biblio)
Koha item type Books in Stacks (Lending)
Holdings
Lost status Damaged status Collection code Home library Current library Date acquired Full call number Accession Number Item type
    Lending WERC Library WERC Library 03/19/2024 323.95 ETH. 6709 Books in Stacks (Lending)

© WERC Library